00603nam a2200181Ia 4500008004100000082001500041100001400056245003200070250000800102260002900110300001200139500002400151650001400175942000700189952010400196952010400300999001700404230524s9999 xx 000 0 und d a621.3bKUM aK.L.Kumar 0aEngineering Fluid Mechanics a1st aNEW DELHIbS.Chandc2003 aXII;536 aQuantity Number: 2 aMechanics cBK 00104070aTATCLbTATCLcGENd2023-05-24l0o621.3 KUMp8915r2023-05-24w2023-05-24yBKzBENG1208 00104070aTATCLbTATCLcGENd2023-05-24l0o621.3 KUMp8916r2023-05-24w2023-05-24yBKzBENG1208 c32032d32032